Star Academy - Setlist de la tournée de la Saison 13 - Statistiques

Statistiques générales
  • Ce quiz a été pris 178 fois
  • Le résultat moyen est 17 sur 47
Statistiques - réponses
Chansons Chansons Chansons % Correct
Chansons2 46 Voulez-Vous
73%
Chansons 11 Particule - Mélissa
71%
Chansons2 25 Respire Fort - Jeanne
66%
Chansons 1 Ma Gueule - Ambre
58%
Chansons 8 Vampire - Anouk
58%
Chansons 9 Bad Romance - Ambre
57%
Chansons 7 Tainted Love - Bastiaan
54%
Chansons 6 The Greatest Show
54%
Chansons2 38 I love Rock n Roll - Ambre et Jeanne
48%
Chansons 19 Le musical : 
D’amour ou d’amitié - Anouk / 
Les rois du monde - Bastiaan, Théo, Léa, Victor et Mélissa / Une Déclaration - Ambre, Jeanne et Anouk / 
Sapés comme jamais - Mélissa et Bastiaan / Chui Bo - Victor / 
Zou Bisou
 - Léa / La plus belle pour aller danser - Ambre et Jeanne / 
Sexy and I know it - Théo / Wati by night - Bastiaan / Mélissa, Théo, Léa et Victor / Les planètes - Bastiaan et Anouk / Charger
48%
Chansons2 31 Les filles, les meufs - les filles
48%
Chansons2 35 Entrer dans la lumière - Ambre
46%
Chansons2 26 Tout a changé - Jeanne
46%
Chansons2 28 Ceux qu’on était - Théo
44%
Chansons2 32 Medley des hymnes : Ne partez pas sans moi, Au bout de mes rêves et Recommence moi
44%
Chansons2 33 Monopolis - Anouk
42%
Chansons 21 Soleil Bleu - Sarah et Mélissa
42%
Chansons2 44 Where is my Husband - Sarah
42%
Chansons2 29 Cœur Maladroit - Sarah
41%
Chansons 10 APT
39%
Chansons 3 Azizam - Théo et Mélissa
39%
Chansons2 30 À tes côtés - Anouk
37%
Chansons2 47 Des étoiles plein les yeux
37%
Chansons 4 My Way - Victor et Bastiaan
37%
Chansons 13 A Sky Full of Stars - Théo
35%
Chansons2 42 Havana - Victor
34%
Chansons 12 Gabriella - Victor, Léa et Sarah
33%
Chansons 24 Parisienne - Anouk, Léa et Mélissa
33%
Chansons 23 Feel Good - Ambre et Victor
30%
Chansons2 40 Je ne serai jamais - Léa et Mélissa
27%
Chansons 5 Une autre histoire - Jeanne et Anouk
27%
Chansons2 27 Autrement - Léa et Bastiaan
25%
Chansons2 39 Briller - Bastiaan, Léa, Victor et Sarah
23%
Chansons 15 Take me to Church - Ambre et Victor
23%
Chansons2 36 Total Eclipse of the Heart - Ambre et Sarah
23%
Chansons 20 Ciel - Théo et Bastiaan
22%
Chansons2 41 Grace Kelly - Bastiaan
22%
Chansons 2 Always Remember Us This Way - Léa et Sarah
20%
Chansons 14 Read All About It - Léa et Jeanne
20%
Chansons2 45 Don’t Stop Me Now
19%
Chansons2 37 Le Blues du Businessman - 
Ambre et Léa
19%
Chansons2 43 Show me how you Burlesque - Léa
19%
Chansons 22 Me enamoré - Jeanne et Léa
15%
Chansons2 34 Dont let the sun go down on me - Victor et Théo
11%
Chansons 16 Stand Up - Sarah
3%
Chansons 18 Run the World - les filles
1%
Chansons 17 Survivor - les garçons
1%
Aucun quiz correspondant
Distribution des résultats
% des personnes avec chaque résultat
Percentile par nombre de réponses
Votre historique - résultats
Vous n’avez pas pris ce quiz